Te veo no te veo (Record no. 16061)

MARC details
000 - LÍDER
campo de control de longitud fija 00951nam a2200193Ia 4500
008 - ELEMENTOS DE DATOS DE LONGITUD FIJA - INFORMACIÓN GENERAL
campo de control de longitud fija 0000001998 pr a 0000000000spa00
090 ## - NÚMERO DE LLAMADA DE TIPO LC LOCALMENTE ASIGNADO (OCLC)
Número de clasificación (OCLC) (R) PSP00 L66t
100 1# - ENTRADA PRINCIPAL - NOMBRE PERSONAL
Nombre de la persona López, Luis F.
245 13 - TÍTULO DECLARACIÓN
Título Te veo no te veo
Resto del título : Eloisa Grau
Declaración de responsabilidad / Texto del pintor Luis F. López
260 ## - PUBLICACIÓN, DISTRIBUCIÓN
Lugar de publicación <San Juan> : Universidad Interamericana de Puerto Rico
Fecha de publicación 1998
300 ## - DESCRIPCIÓN FÍSICA
Alcance 1 plegable [6] p.
Dimensiones / 28 cm.
500 ## - NOTA GENERAL
Nota general Artista nacida en Granada, España, vive en Puerto Rico desde 1968 \ Exposición realizada en la Galería de Arte Universidad Interamericana de San Juan de Puerto Rico entre el 21 de abirl y el 3 de mayo de 1998 \ Incluye datos biográficos y cronología artística \ Donación del Sr. Mauricio Mayorga, 2015
600 00 - ENTRADA DE SUJETO AÑADIDO - NOMBRE PERSONAL
Nombre de la persona GRAU CONTRERAS, ELOISA/
Subdivisión general TRABAJOS PICTORICOS
650 14 - ENTRADA DE SUJETO AÑADIDO - TÉRMINO TÓPICO
Término tópico o elemento de entrada del nombre geográfico PINTURA ESPAÑOLA
650 14 - ENTRADA DE SUJETO AÑADIDO - TÉRMINO TÓPICO
Término tópico o elemento de entrada del nombre geográfico ARTE CONTEMPORANEO ESPAÑOL
650 14 - ENTRADA DE SUJETO AÑADIDO - TÉRMINO TÓPICO
Subdivisión general CATALOGOS
650 14 - ENTRADA DE SUJETO AÑADIDO - TÉRMINO TÓPICO
Subdivisión general EXPOSICIONES
650 14 - ENTRADA DE SUJETO AÑADIDO - TÉRMINO TÓPICO
Término tópico o elemento de entrada del nombre geográfico PINTORES ESPAÑOLES
Holdings
Estado de retirada Pérdida de estatus Estado dañado No para préstamo Código de recogida Ubicación permanente Ubicación actual Ubicación de las estanterías Fecha de adquisición Número de llamada completo Código de barras Fecha de la última vez que se vio Número de copia Precio efectivo desde Tipo de artículo Koha
        General ArtNexus ArtNexus General 06/09/2022 P-SP-00 L66T 16364 06/09/2022 Ej.1 06/09/2022 Libro

Powered by Koha